000 00730cam a2200205 a 4500
020 _a0471611379
040 _cDLC
082 0 0 _a618 WIL 1990 A044 Or.
100 1 _aGoldstein, Sam,
245 1 0 _aManaging attention disorders in children :
_ba guide for practitioners /
260 _aNew York :
_bWiley,
_cc1990.
300 _axii, 451 p. :
_bill. ;
_c25 cm.
500 _aIncludes indexes.
650 0 _aAttention-deficit hyperactivity disorder.
700 1 _aGoldstein, Michael,
856 4 2 _uhttp://www.loc.gov/catdir/enhancements/fy0607/89009090-b.html
856 4 2 _uhttp://www.loc.gov/catdir/enhancements/fy0607/89009090-d.html
856 4 1 _uhttp://www.loc.gov/catdir/enhancements/fy0607/89009090-t.html
942 _cEK
999 _c12965
_d12965